Konkurenciu priniesli zahraničné firmy
Trh voľne predajných liekov ako jedno z najdynamickejšie sa rozvíjajúcich odvetví vo svete. Situácia na slovenskom trhu voľne predajných liekov. Vstup zahraničných spoločností na Slovensko. Širšia ponuka produktov vplyvom konkurenčného prostredia. Rast výdavkov na reklamu voľne predajných liečiv. Zá...
Na minha lista:
| Autor principal: | |
|---|---|
| Formato: | Capítulo de Livro |
| Idioma: | eslovaco |
| Assuntos: | |
| Tags: |
Sem tags, seja o primeiro a adicionar uma tag!
|
MARC
| LEADER | 00000naa a2200000 4500 | ||
|---|---|---|---|
| 001 | r038523 | ||
| 005 | 20231002130943.1 | ||
| 041 | 0 | |a slo | |
| 044 | |a SK | ||
| 245 | 1 | 0 | |a Konkurenciu priniesli zahraničné firmy |c Renata Kapšová |
| 520 | |a Trh voľne predajných liekov ako jedno z najdynamickejšie sa rozvíjajúcich odvetví vo svete. Situácia na slovenskom trhu voľne predajných liekov. Vstup zahraničných spoločností na Slovensko. Širšia ponuka produktov vplyvom konkurenčného prostredia. Rast výdavkov na reklamu voľne predajných liečiv. Zákon o lieku a s ním súvisiaci zákon o reklame. Nedostatočné informácie o voľne predajných liekoch. Voľne predajné lieky ako produkty, ktorých propagácia sa opiera o prvky integrovanej marketingovej komunikácie. | ||
| 610 | 2 | 0 | |a liečivá |
| 610 | 2 | 0 | |a produkty |
| 610 | 2 | 0 | |a firmy |
| 610 | 2 | 0 | |a lekárne |
| 610 | 2 | 0 | |a farmakológia |
| 610 | 2 | 0 | |a vitamíny |
| 610 | 2 | 0 | |a trh |
| 610 | 2 | 0 | |a konkurencia |
| 610 | 2 | 0 | |a reklama |
| 610 | 2 | 0 | |a komunikácia marketingová |
| 100 | 1 | |a Kapšová, Renata | |